[Event "Madurai Athens of the East op-B 4th"]
[Site "Madurai"]
[Date "2024.12.25"]
[Round "4"]
[White "Mrityunjay, Kumar"]
[Black "Deepak, Raj Hari"]
[Result "1-0"]
[WhiteElo "1968"]
[BlackElo "1787"]
[PlyCount "99"]
[EventDate "2024.12.24"]
[EventType "swiss"]
[EventRounds "10"]
[EventCountry "IND"]
[SourceTitle "CB02_2025"]
[SourceDate "2025.01.08"]
[SourceVersion "1"]
[SourceVersionDate "2025.01.08"]
[SourceQuality "1"]

1. e4 c5 2. Nf3 e6 3. g3 Nc6 4. Bg2 g6 5. 0-0 Bg7 6. c3 Nge7 7. d4 cxd4 8. cxd4 d5 9. e5 h6 10. Nc3 a6 11. Qd2 0-0 12. b3 Bd7 13. Bb2 Rc8 14. Na4 b6 15. Rfc1 Na5 16. Rxc8 Nxc8 17. Nc3 b5 18. Ne2 Nb7 19. Rc1 Nb6 20. Nf4 a5 21. Nd3 Qb8 22. Nc5 Rd8 23. Bf1 Be8 24. Ne1 Bf8 25. Ned3 Nd7 26. Na6 Qa7 27. Nc7 b4 28. Nf4 a4 29. Rc2 a3 30. Bc1 Nb6 31. Qd3 Qb8 32. Bh3 Rc8 33. Nxe8 Rxe8 34. Bxe6 fxe6 35. Qxg6+ Kh8 36. Qf7 Bg7 37. Rc7 Rg8 38. Rxb7 Qc8 39. Rc7 Qe8 40. Qxe8 Rxe8 41. Bd2 Na8 42. Rc6 Rb8 43. Nxe6 Kh7 44. f4 Rb5 45. f5 Nb6 46. Rc7 Na8 47. Rxg7+ Kh8 48. f6 Rb8 49. Nf4 Nb6 50. Ng6# 1-0

[Event "IND-ch U11 37th"]
[Site "Hyderabad"]
[Date "2024.10.06"]
[Round "4"]
[White "Shubh, Atha"]
[Black "Deepak, Raj Hari"]
[Result "1-0"]
[WhiteElo "1835"]
[BlackElo "1712"]
[PlyCount "87"]
[EventDate "2024.10.04"]
[EventType "swiss"]
[EventRounds "11"]
[EventCountry "IND"]
[SourceTitle "CB47_2024"]
[SourceDate "2024.11.20"]
[SourceVersion "1"]
[SourceVersionDate "2024.11.20"]
[SourceQuality "1"]

1. c4 e5 2. Nc3 Nf6 3. Nf3 Nc6 4. d3 d6 5. g3 Be7 6. Bg2 h6 7. 0-0 Be6 8. e4 Qd7 9. Rb1 Bh3 10. Be3 Bxg2 11. Kxg2 g5 12. b4 b6 13. Qc2 Nh5 14. Nd5 g4 15. Nd2 Bg5 16. b5 Nd8 17. Qd1 Rg8 18. Bxg5 Rxg5 19. f3 gxf3+ 20. Nxf3 Rg4 21. Nxe5 dxe5 22. Rf5 Rg6 23. Qxh5 Qd6 24. Rbf1 Rg7 25. Rf6 Qd7 26. Rxh6 Qc8 27. Qxe5+ Ne6 28. Rh8+ Kd7 29. Rxc8 Rxc8 30. Rf6 c6 31. Rxe6 fxe6 32. Qxg7+ Kd6 33. Qe7+ Ke5 34. Qf6+ Kd6 35. Nf4 Re8 36. bxc6 Kxc6 37. Nxe6 Kd7 38. Nd4 Rc8 39. e5 Kc7 40. Nb5+ Kb8 41. Qd6+ Ka8 42. Qd7 Rc7 43. Qxc7 a6 44. Qc8# 1-0